| 000 | 00355nam a2200145Ia 4500 | ||
|---|---|---|---|
| 008 | 230917s9999||||xx |||||||||||||| ||und|| | ||
| 040 |
_e180601 _aMAIN |
||
| 041 | _aEnglish | ||
| 082 | _a823.7 T749S:A | ||
| 100 | _aSanders, Andrew | ||
| 245 | 0 | _aAnthony Trollope | |
| 260 |
_aNew Delhi _bAtlantic Publishers _c2010 |
||
| 300 | _ax, 79 p. | ||
| 942 | _cBK | ||
| 999 |
_c151033 _d151033 |
||